00936cam a22002531 450000100060000000300080000600500170001400800410003103500190007203500190009104000420011004100080015208200220016010000390018224500730022126000500029430000430034450400420038765000370042965000430046694200120050999900170052195201440053821458BD-RjUL20211209000704.0140304s1955 mauab b 001 0 eng d a(BD-RjUL)21522 a(OCoLC)6677840 aDLCcInFwCTdOCoLCdDLCdBD-RjULbeng aeng00a910.903bPET 19551 aPenrose, Boies,d1902-1976.96629410aTravel and discovery in the Renaissance, 1420-1620 /cBoies, Penrose aCambridge :bHarvard University Press,c1955. axvi, 377 p. :billus., maps. ;c25 cm. aBibliography: p. [335]-356. and Index 0aDiscoveries in geography.966295 0aGeographyxEarly works to 1800.966296 2ddccBK c21458d21458 00102ddc40728NFICaRUCLbRUCLcReadingd1955-11-02eB.H.Black Wellg2.00l0o910.903 PET 1955r2014-03-04 00:00:00tC-1w2014-03-04yBK